Project management / (Record no. 22195)
[ view plain ]
| 000 -LEADER | |
|---|---|
| fixed length control field | 00389pam a22001574a 4500 |
| 020 ## - INTERNATIONAL STANDARD BOOK NUMBER | |
| ISBN | 0072493925 |
| 040 ## - CATALOGING SOURCE | |
| Transcribing agency | DLC |
| 082 00 - DEWEY DECIMAL CLASSIFICATION NUMBER | |
| Classification number | 658 PRO 2003 C324 Or. |
| 100 1# - MAIN ENTRY--AUTHOR NAME | |
| Personal name | Heerkens, Gary, |
| 245 10 - TITLE STATEMENT | |
| Title | Project management / |
| 300 ## - PHYSICAL DESCRIPTION | |
| Number of Pages | xiv, 250 pages : |
| Other physical details | illustrations ; |
| Dimensions | 23 cm |
| 490 1# - SERIES STATEMENT | |
| Series statement | A Briefcase book |
| 500 ## - GENERAL NOTE | |
| General note | Includes index. |
| 650 #0 - SUBJECT ADDED ENTRY--TOPICAL TERM | |
| Topical Term | Project management. |
| 942 ## - ADDED ENTRY ELEMENTS (KOHA) | |
| Koha item type | ADB |
| 952 ## - LOCATION AND ITEM INFORMATION (KOHA) | |
| Withdrawn status [LOCAL, KOHA] | 0 |
| Permanent Location | Date acquired | Koha item type | Lost status | Shelving location | Barcode | Current Location | Full call number |
|---|---|---|---|---|---|---|---|
| Library Block C | 2023-11-14 | ADB | C324 | a06449 | Library Block C | 658 PRO 2003 C324 Or. |